000 00440nam a2200145Ia 4500
008 230917s9999||||xx |||||||||||||| ||und||
040 _e61120
_aMAIN
041 _aEnglish
082 _a822.08 D435I
100 _aStrinetberg, August
245 0 _aInternational modern plays: lady julie, hannele, the life of the insects, the infernal machine, the mask and the face
260 _aLondon
_bJ M Dent
_c1952
300 _a304 p.
942 _cBK
999 _c48843
_d48843